Datum a čas kvízu
29
Celkem bodů
Celkový počet nahraných bodů na tomto kvízu bez doplňovacích otázek.
4.
Pořadí na kvízu
Konečné umístění týmu na tomto kvízu.
Zaznamenané odpovědi
| # | Otázka | Odpověď | Body | Výsledky |
|---|---|---|---|---|
| 1. | V Jiráskově divadle v České Lí... | selata (divočáci) | 0 | |
| 2. | Který výrobce nápojů se sídlem... | Capri-Sun | 0 | |
| 3. | Která kapela minulý týden ozná... | Linkin Park | 1 | |
| 4. | Minulý týden byla ve Veverskýc... | pomocí SMS | 1 | |
| 5. | Ve středu byla poblíž sídla Če... | Věra Čáslavská, David Černý | 1 | |
| 6. | Ruské město Nižnij Novgorod ne... | Gorkij | 1 | |
| 7. | Panovník jisté africké země za... | Svazijsko/Svazijské království | 0 | |
| 8. | Napište bývalý název Bratislav... | Prešpurk/Prešporok/Prešporek; 1919 (1914–1924) | 1 | |
| 9. | Když Portugalci objevili jistý... | Tchaj-wan | 0 | |
| 10. | Zhruba rok po vyhlazení českýc... | o Panamu | 0 |